Statistiques concernant Cartes Pokémon par Image #1

Cliquez ici pour prendre le quiz!

Statistiques générales

  • Ce quiz a été pris 1 182 fois
  • Le résultat moyen est 14 sur 20

Statistiques - réponses

Réponse% Correct
Magicarpe
99%
Raichu
99%
Smogo
97%
Ronflex
90%
Magnéti
89%
Mewtwo
84%
Chétiflor
80%
Lucario
79%
Lokhlass
78%
Tygnon
78%
Entei
70%
Porygon2
66%
Feurisson
60%
Mimiqui
59%
Cacturne
56%
Sepiatop
54%
Lanturn
52%
Scalpion
51%
Charmillon
49%
Fluvetin
45%

Distribution des résultats

Percentile par nombre de réponses

% des personnes avec chaque résultat

Votre développement - résultats

Vous n’avez pas pris ce quiz